LEADER 03427nam 2200733 a 450 001 9910458396803321 005 20200520144314.0 010 $a0-511-84806-4 010 $a1-107-20820-3 010 $a1-282-63730-4 010 $a9786612637308 010 $a0-511-76914-8 010 $a0-511-76998-9 010 $a0-511-76691-2 010 $a0-511-76552-5 010 $a0-511-76830-3 035 $a(CKB)2560000000011922 035 $a(EBL)542807 035 $a(OCoLC)645097785 035 $a(SSID)ssj0000420077 035 $a(PQKBManifestationID)11288551 035 $a(PQKBTitleCode)TC0000420077 035 $a(PQKBWorkID)10392349 035 $a(PQKB)10999446 035 $a(UkCbUP)CR9780511770722 035 $a(MiAaPQ)EBC542807 035 $a(Au-PeEL)EBL542807 035 $a(CaPaEBR)ebr10397324 035 $a(CaONFJC)MIL263730 035 $a(EXLCZ)992560000000011922 100 $a20100416d2010 uy 0 101 0 $aeng 135 $aur|n|---||||| 181 $ctxt 182 $cc 183 $acr 200 00$aHuman rights and climate change$b[electronic resource] /$fedited by Stephen Humphreys ; with a foreword by Mary Robinson 210 $aCambridge ;$aNew York $cCambridge University Press$dc2010 215 $a1 online resource (370 p.) 300 $aDescription based upon print version of record. 311 $a0-511-77072-3 311 $a0-521-76276-6 320 $aIncludes bibliographical references and index. 327 $gIntroduction:$tHuman rights and climate change /$rStephen Humphreys --$tCompeting claims : human rights and climate harms /$rStephen Humphreys --$tClimate change, human rights and moral thresholds /$rSimon Caney --$tEquitable utilization of the atmosphere : a rights-based approach to climate change? /$rDinah Shelton --$tClimate change, human rights and corporate accountability /$rPeter Newell --$tRethinking human rights : the impact of climate change on the dominant discourse /$rSam Adelman --$tThe Kyoto Protocol and vulnerability : human rights and equity dimensions /$rPhilippe Cullet --$tForests, climate change and human rights : managing risks and trade-offs /$rFrances Seymour --$tClimate change and the right to the highest attainable standard of health /$rPaul Hunt and Rajat Khosla --$tHuman rights and vulnerability to climate change /$rJon Barnett --$tClimate change, evolution of disasters and inequality /$rJohn C. Mutter and Kye Mesa Barnard --$tConceiving justice : articulating common causes in distinct regimes /$rStephen Humphreys. 330 $aThis inquiry into the human rights dimensions of climate change identifies future perspectives, concerns and dilemmas for law and policy. 606 $aHuman rights 606 $aClimatic changes$xLaw and legislation 606 $aGlobal warming$xLaw and legislation 606 $aClimatic changes$xPolitical aspects$zDeveloping countries 608 $aElectronic books. 615 0$aHuman rights. 615 0$aClimatic changes$xLaw and legislation. 615 0$aGlobal warming$xLaw and legislation. 615 0$aClimatic changes$xPolitical aspects 676 $a341.48 686 $a86.81$2bcl 701 $aHumphreys$b Stephen$0511158 801 0$bMiAaPQ 801 1$bMiAaPQ 801 2$bMiAaPQ 906 $aBOOK 912 $a9910458396803321 996 $aHuman rights and climate change$91961436 997 $aUNINA LEADER 01255nam a2200277 a 4500 001 991003895089707536 008 020 $a9788887960648 035 $ab14405118-39ule_inst 040 $aDip.to di Storia, Società e Studi sull'Uomo$bita 082 0 $a727.1 245 10$aBambini, spazi, relazioni :$bmetaprogetto di ambiente per l'infanzia /$c[Reggio Children, Domus Academy Research Center ; a cura di Giulio Ceppi, Michele Zini ; saggi e contributi di Andrea Branzi ... et al.] 250 $aNuova ed. 260 $aReggio Emilia : Reggio Children, 2011 300 $a156 p ;$c28 cm 650 $aScuole materne$xArchitettura 650 4$aAsili nido$xArchitettura 700 1 $aBranzi, Andrea 710 2 $aDomus Academy Research Center $eauthor$4http://id.loc.gov/vocabulary/relators/aut$0791593 710 2 $aReggio Children $eauthor$4http://id.loc.gov/vocabulary/relators/aut$0791594 907 $a.b14405118$b21-10-20$c21-10-20 912 $a991003895089707536 945 $aLE023 727.1 BAM 1 1$g1$i2023000187951$lle023$op$pE34.00$q-$rl$s- $t0$u1$v0$w1$x0$y.i15940032$z21-10-20 996 $aBambini, spazi, relazioni$91769524 997 $aUNISALENTO 998 $ale023$b21-10-20$cm$da $e-$fita$git $h0$i0